Statistiken für Gemeinden Landkreis Würzburg

Klicken Sie hier um das Quiz zu spielen!

Allgemein

  • Dieses Quiz wurde 88 mal gespielt
  • Das Durchschnittsergebnis liegt bei 30 aus 52

Antwortstatistiken

EinwohnerGemeindeartGemeinde% Korrekt
11.296StadtOchsenfurt
82%
9.503MarktHöchberg
79%
9.525GemeindeVeitshöchheim
79%
6.492GemeindeGerbrunn
76%
5.538MarktGiebelstadt
76%
4.767GemeindeKürnach
76%
3.402MarktRandersacker
76%
7.653MarktRimpar
74%
3.065StadtEibelstadt
73%
5.340GemeindeRottendorf
73%
1.367MarktWinterhausen
73%
1.897MarktSommerhausen
71%
4.428MarktZell am Main
71%
3.133GemeindeMargetshöchheim
70%
1.126GemeindeOberpleichfeld
70%
4.115MarktReichenberg
70%
3.038GemeindeUnterpleichfeld
70%
3.398GemeindeEisingen
64%
5.239GemeindeEstenfeld
64%
2.648GemeindeKist
64%
2.126GemeindeKirchheim
62%
2.461GemeindeGaukönigshofen
61%
1.668StadtRöttingen
61%
2.371GemeindeTheilheim
61%
3.815GemeindeBergtheim
59%
2.099GemeindeKleinrinderfeld
59%
3.123GemeindeLeinach
59%
3.625GemeindeHettstadt
58%
2.852GemeindeWaldbrunn
58%
4.905GemeindeWaldbüttelbrunn
58%
1.244MarktFrickenhausen am Main
56%
1.305MarktBütthard
55%
2.451GemeindeHausen bei Würzburg
55%
2.702MarktHelmstadt
55%
2.704GemeindeThüngersheim
55%
1.337GemeindeGeroldshausen
53%
4.481GemeindeGüntersleben
53%
1.177GemeindeProsselsheim
53%
866GemeindeTauberrettersheim
53%
1.447StadtAub
52%
1.334MarktEisenheim
50%
1.584GemeindeGreußenheim
44%
1.861GemeindeUettingen
39%
812MarktGelchsheim
38%
832GemeindeSonderhofen
38%
1.988GemeindeAltertheim
32%
909GemeindeBieberehren
32%
1.792GemeindeErlabrunn
32%
1.505MarktRemlingen
32%
702GemeindeRiedenheim
32%
2.304MarktNeubrunn
23%
950GemeindeHolzkirchen
14%

Verteilung der Resultate

Perzentil nach korrekt beantworteten Fragen

Anzahl Personen mit jedem Resultat

Ihre Resultats-Entwicklung

Sie haben dieses Quiz noch nicht gespielt